Central Library OPAC University of Rajshahi

دلى کا دبستان شاعرى / Dillī kā dabistān-i shāʻirī / (Record no. 85796)

MARC details
000 -LEADER
fixed length control field 00896nam a2200217 4500
001 - CONTROL NUMBER
control field 85796
003 - CONTROL NUMBER IDENTIFIER
rucl marc code BD-RjUL
005 - DATE AND TIME OF LATEST TRANSACTION
control field 20251006161546.0
008 - FIXED-LENGTH DATA ELEMENTS--GENERAL INFORMATION
fixed length control field 251006s1949 p ||||| |||| 00| 0 urd d
035 ## - SYSTEM CONTROL NUMBER
System control number (BD-RjUL)85796
040 ## - CATALOGING SOURCE
Original cataloging agency BD-RjUL
Language of cataloging eng
Transcribing agency BD-RjUL
041 ## - LANGUAGE CODE
Language code of text/sound track or separate title urd
082 ## - DEWEY DECIMAL CLASSIFICATION NUMBER
Edition number 21
Classification number 891.43909
Author mark and year HAD 1949
100 ## - MAIN ENTRY--PERSONAL NAME
Personal name ہاشمى، نورالحسن، Hāshimī., Nūrulḥasan
9 (RLIN) 17085
245 10 - TITLE STATEMENT
Title دلى کا دبستان شاعرى / Dillī kā dabistān-i shāʻirī /
Statement of responsibility, etc. ڈاکٹر نورالحسن ہاشمى, ،Ḍākṭar Nūrulḥasan Hāshimī.,
260 ## - PUBLICATION, DISTRIBUTION, ETC. (IMPRINT)
Place of publication, distribution, etc. Karachi :
Name of publisher, distributor, etc. انجمن ترقى اردو پاکستان ;; Anjuman Tarqi Urdu Pakistan ,
Date of publication, distribution, etc. 1949
300 ## - PHYSICAL DESCRIPTION
Pagination 398 p. ;
Size 20 cm
490 ## - SERIES STATEMENT
Series statement Silsilah-yi mat̤būʻāt-i Anjuman Taraqqī-yi Urdū Pākistān,;
Volume/sequential designation shumārah ; 228
650 ## - SUBJECT ADDED ENTRY--TOPICAL TERM
Topical term or geographic name as entry element Urdu poetry
Form subdivision History and criticism
Geographic subdivision India
9 (RLIN) 17086
942 ## - ADDED ENTRY ELEMENTS (KOHA)
Source of classification or shelving scheme Dewey Decimal Classification
Koha item type Books
Holdings
Lost status Source of classification or shelving scheme Damaged status Not for loan Collection code Permanent Location Current Location Shelving location Date acquired Total Checkouts Full call number Date last seen Copy number Koha item type
  Dewey Decimal Classification   Not For Loan Non-fiction Central Library, University of Rajshahi Central Library, University of Rajshahi Reading Room 06/10/2025   U 891.43909 HAD 1949 06/10/2025 C-1 Books